000 00409nam a2200181Ia 4500
001 23985
005 20260414151013.0
008 260414t2006||||xx |||||||||||||| ||spa||
041 _aESP
082 _a741.2
_bS17
100 _aSalvo, Víctor
_eAUT
245 0 _aDibujo artístico
_b
260 _c2006
300 _a368 páginas :
_ccm.
650 _aABD
654 _aCAU
942 _cLIB
_dJUS
_fJUS
_2ddc
_n
999 _c23985
_d23985